000 01043nam a2200289Ia 4500
001 Para_10402
003 CHAP
008 220125sJuni xx 000 0 und d
010 _a209166
040 _cCHAP
082 _aPA CD - TESIS 426
090 _aPA CD - TESIS 426
100 _aHernández Martínez, Genoveva Yolanda
_9129684
245 _aControl químico de roya amarilla puccinia striiformis f.sp. Tritici en trigo (triticum aestivum L.) de temporal /
_c Genoveva Yolanda Hernández Martínez; Director Santos Gerardo Leyva Mir
260 _aChapingo, Méx. :
_b el autor
300 _a1 CDS ROM (50p.)
502 _aTesis (Ing. Agr. Esp. en Parasitología Agrícola). UACh. Departamento Parasitología Agrícola
700 1 _aLeyva Mir, Santos Gerardo
_966581
710 _aUACh Departamento Parasitología Agrícola
901 _aPA CD - TESIS 426
902 _aM
905 _a513220Junio, 2015 nm 8100000000 06
910 _aJuni
942 _cPARA
942 _cPARA
_d2
999 _c209166
_d209166